Katalóg archeologických pamiatok Spiša 2. : Gánovce. /

Uložené v:
Podrobná bibliografia
Hlavní autori: Novotný, Bohuslav (Author), Kovalčík, Richard M. (Author)
Médium: Kniha
Jazyk:Slovak
Vydané: Košice : Východoslovenské vydavateľstvo, 1977
Vydanie:1. vyd.
Témy:
ISBN: (brož.)
Fyzický popis: 52 s. : obr. príl.
Tagy: Pridať tag
Žiadne tagy, Buďte prvý kto otaguje tento záznam!

MARC

LEADER 00000nam a2200000 a 4500
001 000068021
003 SVKK
005 19990419000000.0
008 990331s1977 xo e sloo
020 |a (brož.) 
040 |a SVKKK  |b slo  |c SVKKK  |e AACR2 
041 0 |a slo 
044 |a xo  |c SK 
080 |a 902(437.675)  |2 1997 
080 |a 069(437.675)  |2 1997 
100 1 |a Novotný, Bohuslav  |4 aut 
245 1 0 |a Katalóg archeologických pamiatok Spiša 2. :  |b Gánovce. /  |c Bohuslav Novotný, Richard M. Kovalčík 
250 |a 1. vyd. 
260 |a Košice :  |b Východoslovenské vydavateľstvo,  |c 1977 
300 |a 52 s. :  |b obr. príl. 
653 0 |a Podtatranské múzeum, Poprad  |2 SVKKKPH 
653 0 |a Gánovce (Slovensko)  |2 SVKKKPH 
653 0 |a nálezy archeologické  |2 SVKKKPH 
653 0 |a zbierky muzeálne  |2 SVKKKPH 
653 0 |a katalógy  |2 SVKKKPH 
655 7 |a katalógy výstav  |2 SVKKKPH 
700 1 |a Kovalčík, Richard M.  |4 aut 
910 |a svkkk 
974 |a MI  |d 19990331 
974 |a PA  |d 19990331 
974 |a PA  |d 19990419 
998 |a BK 
090 |g SCKHL  |k Sklad Pribinova 1. posch.  |a IV.95357  |j 593656  |i 2720163223  |s Absenčne 
090 |g SCKHL  |k Sklad Pribinova 3. posch.  |a V.191067  |j 876488  |i 2720197684  |s Absenčne